Online Catalogue and eLibrary

Paduriyo (Record no. 2120)

MARC details
000 -LEADER
fixed length control field 00398nam a2200157Ia 4500
005 - DATE AND TIME OF LATEST TRANSACTION
control field 20250616015601.0
008 - FIXED-LENGTH DATA ELEMENTS--GENERAL INFORMATION
fixed length control field 240331s9999 xx 000 0 und d
020 ## - INTERNATIONAL STANDARD BOOK NUMBER
ISBN 9558580023
082 ## - DDC Classification
Item Number - Author Mark SEN
Class No. 306
100 ## - MAIN ENTRY--PERSONAL NAME
Personal name Senanayake, C
245 #0 - TITLE STATEMENT
Title Paduriyo
260 ## - PUBLICATION, DISTRIBUTION, ETC.
Place of publication, distribution, etc. Tharana Udawela
Name of publisher, distributor, etc. Bodhi Sabha
Date of publication, distribution, etc. 2003
300 ## - PHYSICAL DESCRIPTION
Extent (e.g. Volumes, Pages etc.) 165 p .,
500 ## - GENERAL NOTE
General note Collection of Senanayake Narada Karunathilaka
942 ## - Koha item type (Biblio)
Koha item type Books in Stacks (Lending)
Holdings
Lost status Damaged status Collection code Home library Current library Shelving location Date acquired Full call number Accession Number Item type
    Lending WERC Library WERC Library Social Science Cupboard 03/31/2024 306 SEN 4925 Books in Stacks (Lending)

© WERC Library